LIBRARY & INFORMATION CENTRE, KCAET, TAVANUR

ONLINE PUBLIC ACCESS CATALOGUE (OPAC)

Feeding of poultry (Record no. 1627)

MARC details
000 -LEADER
fixed length control field 00494cam a2200205ua 4500
041 ## - LANGUAGE CODE
Language code of text/sound track or separate title eng
082 ## - DEWEY DECIMAL CLASSIFICATION NUMBER
Classification number 636.5084
Item number PAN/FE
100 ## - MAIN ENTRY--AUTHOR NAME
Personal name Panda, B .
245 ## - TITLE STATEMENT
Title Feeding of poultry
260 ## - PUBLICATION, DISTRIBUTION, ETC. (IMPRINT)
Place of publication New Delhi :
Name of publisher Indian Council for Agricultural Research ,
Year of publication 1997.
300 ## - PHYSICAL DESCRIPTION
Number of Pages 83 ; .
700 1# - ADDED ENTRY--PERSONAL NAME
Personal name Reddy, V R .
700 1# - ADDED ENTRY--PERSONAL NAME
Personal name Sadanadam, .
700 1# - ADDED ENTRY--PERSONAL NAME
Personal name Shivatsan, A G .
942 ## - ADDED ENTRY ELEMENTS (KOHA)
Koha item type Books
Holdings
Withdrawn status Lost status Damaged status Home library Current library Date acquired Full call number Accession Number Koha item type
      KAUAET KAUAET 07/04/2012 636.5084 19535 Books
free website counter